GODDESS OF VICTORY: NIKKE OSTs - Statistics

General Stats
  • This quiz has been taken 11 times
  • The average score is 25 of 295
Answer Stats
% Correct
ENCOUNTER
44%
Marian
44%
Afterglow
33%
EDEN
33%
EEEEEEEEE-ntertainment
33%
Good Day Commander
33%
Labyrinth
33%
Labyrinth - escape point -
33%
MIND OVER
33%
MIND OVER - Betrayal -
33%
Tempest
33%
The Interceptor
33%
The Wings of Victory
33%
The Wings of Victory - Instrumental
33%
ALIVE
22%
ALIVE - Resist -
22%
Aztc
22%
Aztc - dust -
22%
Aztc - Scenario Version
22%
Black Eyes
22%
BOMBARD
22%
BOMBARD - Siren -
22%
Boogie Night
22%
Broken Wings
22%
Bullet Storm
22%
Bullet Storm - Retriggered -
22%
Can this be the End
22%
Can this be the End - Conversation -
22%
Cecil
22%
Counter Attack
22%
Dark Matter
22%
Dark Matter - Onward -
22%
Encroach
22%
Encroach - Unknown -
22%
Golden Tree
22%
Golden Tree - Scenario Version
22%
Golden Tree - Siren -
22%
Hero (Feat. Luna Goami)
22%
Highnoon
22%
Highnoon - Hazards -
22%
Highnoon - Scenario Version
22%
Inferno of Nihilist
22%
Into the Swarm
22%
Into the Swarm - Hive -
22%
Into the Swarm - Scenario Version
22%
Land Eater
22%
Metal Acid
22%
Metal Acid - Acid Burst -
22%
Metal Strike
22%
Metal Strike -versus -
22%
Outbreak
22%
Outbreak - BREAKER -
22%
Ready to Go
22%
Ready to Go - BREAKER -
22%
Resist
22%
Stronghold
22%
Struggle
22%
Struggle - shout -
22%
Sunday in the Ark
22%
Take My MONEY!!
22%
The Harvester
22%
The Moving Fortress
22%
The Pilgrim
22%
Tomboy Princess
22%
We're never giving up
22%
Wilderness
22%
Wilderness - Hazards
22%
Artificial Shangri-La
11%
Black Gunsmoke
11%
Black Gunsmoke - haze shadow -
11%
Black Gunsmoke - Scenario Version
11%
Burn it All (Feat. A.MON, Springhead)
11%
Chaser
11%
Chaser - Scenario Version
11%
Chaser - time limit -
11%
Clash
11%
Clash - BREAKER -
11%
Clash - Scenario Version
11%
Crumbling City
11%
Crumbling City - Another Side -
11%
Distress
11%
Distress - Scenario Version
11%
Distress - signal
11%
Drifting
11%
Drifting - Rally Point -
11%
Drifting - Scenario Version
11%
DUST RIDER
11%
DUST RIDER - Final Lap
11%
Dwn
11%
Dwn - dust -
11%
Enikk's Room
11%
Fairy Tale's End
11%
Fairy Tale's End - Another Side -
11%
Fairy Tale's End [If]
11%
Flip-Flop
11%
Floral Tribute
11%
Floral Tribute - prayer -
11%
Floral Tribute - Scenario Version
11%
Frost Pillar
11%
Frost Pillar - Another Side -
11%
Frost Pillar - Scenario Version
11%
Girl's Talk
11%
Heart Destroyer
11%
Heart Destroyer - distorted -
11%
Heart Destroyer - Scenario Version
11%
incoming rapture
11%
incoming rapture - Air Raid -
11%
Labyrinth of Void
11%
Maze in Abyss
11%
Meditation
11%
Ominous Cross
11%
Orange Pop
11%
Pursuit
11%
Pursuit - time limit -
11%
Rapture Storm
11%
Rapture Storm - rush out -
11%
Rising from Ash
11%
Rising from Ash - HYPE DistGuitar MIX -
11%
Risk
11%
Risk - dark side -
11%
Risk - Scenario Version
11%
Scardi
11%
Scardi - Instrumental
11%
ShopperHOLIC
11%
Slaughterer
11%
Splinter
11%
Splinter - Heated -
11%
STANDALONE
11%
STANDALONE - be strong -
11%
Sunny Carnival
11%
Sunshine Sorrow
11%
the Ark
11%
THE CHALLENGER
11%
The Coldfr0nt
11%
The Collecter
11%
The Godness Fall
11%
The Warmfr0nt
11%
Tragedy
11%
TURN UP THE VOLUME!!
11%
White City
11%
White City - Erosion -
11%
White City - Scenario Version
11%
Who's Dumber?
11%
Wrecking Storm (Feat. A.MON, CYRRCA)
11%
Wrecking Storm - Instrumental
11%
You CAN'T STOP US
11%
Advance
0%
Advance - Onward -
0%
Advance - Scenario Version
0%
A Little Star
0%
Another Way
0%
Apricot
0%
AREA: H
0%
AREA: H - heat stroke -
0%
AREA: H - Scenario Version
0%
Armageddon
0%
Back and Forth
0%
Back to Normal
0%
Beast
0%
Beast - versus -
0%
Before The Next Step
0%
below zero
0%
below zero - Glitched Mix -
0%
below zero - Scenario Version
0%
Between life and Death
0%
Black Wave
0%
Black Wave - BREAKER -
0%
Black Wave - Scenario Version
0%
Blurred Vision
0%
Blurred Vision - Into the Matter -
0%
Blurred Vision - Scenario Version
0%
BOOGIE BOX
0%
Break Away
0%
Calling Signal
0%
Champions Match
0%
chromosome
0%
Coagulation
0%
Coagulation - Crystalized -
0%
Cold Light
0%
Collapse
0%
Collapse - shift -
0%
Confetti
0%
Conflict
0%
Confront
0%
cosmos
0%
Cotton Candy
0%
Crawling Anxiety
0%
Deals
0%
Deals - Betrayal -
0%
Deals - Scenario Version
0%
Destined to Fight
0%
Destroyed Serenity
0%
Destroyed Serenity - Shranz Mix -
0%
Destroying Calamity
0%
Destroying Calamity - broken silence -
0%
Destroying Calamity - Scenario Version
0%
Die Hard
0%
Die Hard - Survive -
0%
Disaster
0%
Discussion
0%
Beast - Scenario Version
0%
Collapse - Scenario Version
0%
Enemy Close
0%
Emergency
0%
Emergency Engage
0%
Emergency Engage - Restoration -
0%
EMPathīzə
0%
Epic Jazzy Moods
0%
Exiter
0%
EXTREME TUNNEL DESTROYER
0%
Face to Face
0%
Grey Haze
0%
Grey Haze - achromatic -
0%
Grey Haze - Scenario Version
0%
Ground Fall
0%
Ground Fall - Scenario Version
0%
Ground Fall - unknown signal -
0%
GroundZero
0%
GroundZero - Blaster Mix -
0%
Here Comes Trouble
0%
Hey- Newbie-
0%
Hopeless
0%
Impression
0%
in Ark
0%
INVASION
0%
In Wonderland
0%
Khamsin
0%
Khamsin - Upper mix -
0%
Kneel Down, Fools
0%
Langour
0%
Last Bullet
0%
Leisure Time
0%
Lost Memory
0%
Lucky Break!
0%
Manifest
0%
Manifest - Malfunction -
0%
Manifest - Scenario Version
0%
Marry Bad
0%
Might Feel
0%
Monochrome
0%
Mystery
0%
One-Winged Dark Lord
0%
Online Shopping
0%
OVERJOY
0%
Path of Ascension
0%
Peripeteia
0%
Peripeteia - Heaven of Pride -
0%
Peripeteia - Scenario Version
0%
Prism
0%
Quiet Terror
0%
Recognition
0%
Recognition - distorted
0%
Recognition - Scenario Version
0%
Recognition - underworld
0%
Recursion
0%
Scene of Memory
0%
Second Hand
0%
Second Hand - DIGITALIZED -
0%
Second Hand - Scenario Version
0%
Shape Of Hope
0%
ShowCase
0%
Silver mane
0%
Silver mane - Snowstorm -
0%
So Good
0%
Standin' by
0%
Stand Together
0%
Storm Breakers
0%
Swamp
0%
Swamp - Conversation -
0%
Swamp - Scenario Version
0%
Swarm Nest
0%
Swarm Nest - Beasts -
0%
Swarm Nest - Scenario Version
0%
Tepid Apple Ade
0%
The Calm Before the Storm
0%
The Calm Before the Storm - Scenario Version -
0%
The Calm Before the Storm - Storm is Coming -
0%
The Clue
0%
The Clue - know the truth -
0%
The Day To Day Sky
0%
The Ruined City
0%
The Ruined City - Dying Light -
0%
The Ruined City - Scenario Version
0%
Trauma
0%
Treatment
0%
Tuff Guys
0%
Underwater Flowers
0%
Underwater Flowers - Lotus -
0%
Underwater Flowers - Scenario Version
0%
Voidseeker
0%
Volcanic Nest
0%
Volcanic Nest - Berserker Afire -
0%
Volcanic Nest - Scenario Version
0%
WE ARE
0%
White-Light
0%
No matching quizzes found
Score Distribution
Percent of People with Each Score
Percentile by Number Answered
Your Score History
You have not taken this quiz